[Event "SRB-chT (Women) Div1"]
[Site "Senta"]
[Date "2023.10.11"]
[Round "2.2"]
[White "Djukic, Sandra"]
[Black "Radenkovic, Mila"]
[Result "1-0"]
[WhiteElo "2121"]
[BlackElo "1806"]
[PlyCount "81"]
[EventDate "2023.10.10"]
[EventType "team-tourn"]
[EventRounds "11"]
[EventCountry "SRB"]
[SourceTitle "CBM 216 Extra"]
[Source "ChessBase"]
[SourceDate "2023.11.30"]
[SourceVersion "1"]
[SourceVersionDate "2023.11.30"]
[SourceQuality "1"]
[WhiteTeam "Goracici Jelica (W)"]
[BlackTeam "Novi Sad Sah Kruzok (W)"]
[WhiteTeamCountry "SRB"]
[BlackTeamCountry "SRB"]

1. d4 g6 2. c4 Bg7 3. e4 d6 4. Nc3 Nf6 5. f3 e5 6. d5 Nh5 7. Nge2 0-0 8. Be3 f5 9. Qd2 f4 10. Bf2 a5 11. 0-0-0 a4 12. Kb1 Bd7 13. Nc1 Rf7 14. c5 Bf8 15. Bc4 Qe8 16. Nd3 Rg7 17. c6 bxc6 18. dxc6+ Be6 19. Bxe6+ Qxe6 20. Nb4 Nf6 21. Qd3 Ra5 22. g4 fxg3 23. hxg3 Rf7 24. Rh2 a3 25. b3 Qc8 26. g4 Na6 27. Nxa6 Qxa6 28. b4 Qxd3+ 29. Rxd3 Ra8 30. b5 Rb8 31. Kc2 d5 32. exd5 Ne8 33. b6 cxb6 34. Bg3 Bd6 35. Ne4 Re7 36. Re2 Rc8 37. Kb3 Kf7 38. Nxd6+ Nxd6 39. Rxe5 Ne8 40. Rxe7+ Kxe7 41. d6+ 1-0

[Event "SRB-chT (Women) Div1"]
[Site "Senta"]
[Date "2023.10.10"]
[Round "1.2"]
[White "Aydin, Gulenay"]
[Black "Djukic, Sandra"]
[Result "1-0"]
[WhiteElo "2143"]
[BlackElo "2121"]
[PlyCount "69"]
[EventDate "2023.10.10"]
[EventType "team-tourn"]
[EventRounds "11"]
[EventCountry "SRB"]
[SourceTitle "CBM 216 Extra"]
[Source "ChessBase"]
[SourceDate "2023.11.30"]
[SourceVersion "1"]
[SourceVersionDate "2023.11.30"]
[SourceQuality "1"]
[WhiteTeam "Lucani Mladost (W)"]
[BlackTeam "Goracici Jelica (W)"]
[WhiteTeamCountry "SRB"]
[BlackTeamCountry "SRB"]

1. e4 c5 2. Nf3 Nc6 3. Bb5 e6 4. 0-0 Nge7 5. d4 cxd4 6. Nxd4 a6 7. Be2 Qc7 8. c4 Ng6 9. Be3 Bd6 10. g3 Nxd4 11. Qxd4 0-0 12. Nc3 Be5 13. Qd2 d6 14. Rad1 Bd7 15. f4 Bxc3 16. Qxc3 Bc6 17. Bf3 Rfd8 18. Rf2 Rd7 19. Rfd2 Rad8 20. h4 f5 21. Qb3 Re8 22. Bb6 Qb8 23. exf5 exf5 24. c5+ d5 25. Bxd5+ Kh8 26. Bxc6 Rxd2 27. Rxd2 bxc6 28. Qf7 Rf8 29. Qd7 Nxh4 30. Bc7 Nf3+ 31. Kf2 Qb4 32. Kxf3 Qe4+ 33. Kf2 h5 34. Be5 Rg8 35. Qd3 1-0